Medidas de conciliación de la vida personal, laboral y familiar: hacia un respeto igualitario de las reformas parentales

Guardat en:
Dades bibliogràfiques
Autor principal: Cardona Rubert, María Belén (Autor)
Format: Llibre
Idioma:espanyol
Publicat: Albacete Bomarzo 2009
Edició:1a. ed
Matèries:
Etiquetes: Afegir etiqueta
Sense etiquetes, Sigues el primer a etiquetar aquest registre!

MARC

LEADER 00000nam a2200000 a 4500
001 UCH4546
003 CL-VaPUC
008 090820e20090000SP |||||||||||||||||spa|d
020 |a 9788496721661 
082 0 4 |a 362.8286  |b CAR  |2 21 
100 0 |a Cardona Rubert, María Belén  |e author  |9 540092 
245 1 0 |a Medidas de conciliación de la vida personal, laboral y familiar: hacia un respeto igualitario de las reformas parentales 
250 |a 1a. ed 
300 |a 306 p 
942 |c BK 
945 |d 20090820 00:00:00  |a dcastane 
260 |a Albacete  |b Bomarzo  |c 2009 
650 7 |a TRABAJO Y FAMILIA  |2 CL-VaPUC  |9 308321 
650 0 |a Educación para la vida familiar  |9 307821 
651 0 |a Europa  |9 255156 
651 0 |a España  |9 254926 
583 |a last modification  |c 20090820 00:00:00  |k Rodrigo Vera 
999 |c 335826  |d 335824 
952 |0 0  |1 0  |4 0  |6 362_828600000000000_CAR_2009  |7 0  |8 A  |9 426561  |a BIBDER  |b BIBDER  |d 2019-11-22  |i 4588509  |o 362.8286 CAR 2009  |p 4588509  |r 2023-01-25  |w 2019-11-22  |y BK  |k DER 
952 |0 0  |1 0  |4 0  |6 362_828600000000000_CAR_2009  |7 0  |8 A  |9 426562  |a BIBDER  |b BIBDER  |d 2019-11-22  |i 4596978  |o 362.8286 CAR 2009  |p 4596978  |r 2023-01-25  |w 2019-11-22  |y BK  |k DER